[Event "CYCC U14"]
[Site "Calgary CAN"]
[Date "2023.07.19"]
[Round "1.75"]
[White "Jiang, Barron Jiyu"]
[Black "Chenier, Felix"]
[Result "1-0"]
[WhiteElo "1978"]
[BlackElo "1080"]
[PlyCount "75"]
[EventDate "2023.07.19"]
[EventType "swiss"]
[EventRounds "7"]
[EventCountry "CAN"]

1. e4 e5 2. Nf3 Nc6 3. d4 d6 4. dxe5 dxe5 5. Qxd8+ Nxd8 6. Nxe5 Nf6 7. Bg5 h6
8. Bxf6 gxf6 9. Nc4 Nc6 10. a3 Nd4 11. Bd3 Be6 12. Ne3 c5 13. Nd2 a6 14. f4 b5
15. f5 c4 16. fxe6 cxd3 17. exf7+ Kxf7 18. cxd3 b4 19. O-O h5 20. Nd5 Ne2+ 21.
Kh1 Rh6 22. axb4 h4 23. e5 Bg7 24. e6+ Kxe6 25. Nc7+ Kd6 26. Nxa8 h3 27. Rxa6+
Ke7 28. Re1 f5 29. Rxe2+ Be5 30. Rxe5+ Re6 31. Raxe6+ Kf7 32. Nc7 f4 33. Rf5+
Kg8 34. Rg6+ Kh7 35. Rg4 Kh6 36. gxh3 f3 37. Nxf3 Kh7 38. Rh5# 1-0

[Event "CYCC U14"]
[Site "Calgary CAN"]
[Date "2023.07.19"]
[Round "1.76"]
[White "Huang, Jonas"]
[Black "Wang, Andy"]
[Result "0-1"]
[WhiteElo "1080"]
[BlackElo "1960"]
[PlyCount "42"]
[EventDate "2023.07.19"]
[EventType "swiss"]
[EventRounds "7"]
[EventCountry "CAN"]

1. e4 e5 2. Nf3 Nc6 3. Bc4 Bc5 4. b4 Bxb4 5. c3 Ba5 6. d4 exd4 7. Nxd4 Nf6 8.
Nxc6 dxc6 9. Bxf7+ Kxf7 10. Qb3+ Be6 11. Qc2 Re8 12. O-O Kg8 13. Bg5 Qd6 14. f4
Bc4 15. Re1 h6 16. Bxf6 Qxf6 17. g3 Rad8 18. e5 Bb6+ 19. Kg2 Bd5+ 20. Kh3 Qf7
21. Nd2 Qh5# 0-1

[Event "CYCC U14"]
[Site "Calgary CAN"]
[Date "2023.07.19"]
[Round "1.77"]
[White "Zhang, Brian"]
[Black "Ou Yang, Andrew"]
[Result "1-0"]
[WhiteElo "1926"]
[BlackElo "1077"]
[PlyCount "75"]
[EventDate "2023.07.19"]
[EventType "swiss"]
[EventRounds "7"]
[EventCountry "CAN"]

1. e4 g6 2. d4 Bg7 3. Nf3 d6 4. Bc4 Nf6 5. Qe2 Nc6 6. O-O O-O 7. e5 Ne8 8. Rd1
Bg4 9. Bf4 Qc8 10. Bd5 Nb4 11. Bb3 Qf5 12. Bg3 a5 13. c3 a4 14. Bc4 Bxf3 15.
gxf3 Nc6 16. Bd5 dxe5 17. dxe5 Nxe5 18. Bxb7 Ra7 19. Be4 Qf6 20. Nd2 Nd6 21.
Bc2 Nf5 22. Ne4 Qc6 23. f4 Nxg3 24. hxg3 Nc4 25. Bd3 Nd6 26. Rac1 Nxe4 27. Bxe4
Qe6 28. a3 c6 29. Qf3 Rc7 30. Rc2 Rb8 31. Rcd2 Qa2 32. Bxc6 Rxb2 33. Bd5 Qxa3
34. Rxb2 Qxb2 35. Qe4 a3 36. Qa4 Qxc3 37. Qe8+ Bf8 38. Qxf7+ 1-0

[Event "CYCC U14"]
[Site "Calgary CAN"]
[Date "2023.07.19"]
[Round "1.78"]
[White "Dupuis, Denis"]
[Black "Jackson, Mateo"]
[Result "1-0"]
[WhiteElo "1065"]
[BlackElo "1914"]
[PlyCount "87"]
[EventDate "2023.07.19"]
[EventType "swiss"]
[EventRounds "7"]
[EventCountry "CAN"]

1. e4 c5 2. Nc3 Nc6 3. f4 g6 4. Nf3 Bg7 5. Bc4 Nf6 6. e5 Ng8 7. O-O Nh6 8. d3
O-O 9. Qe1 d6 10. Bd2 Nf5 11. e6 fxe6 12. Bxe6+ Kh8 13. Bxf5 Bxf5 14. Nd1 Nd4
15. Ne3 Qd7 16. Bc3 b5 17. Bxd4 cxd4 18. Nxf5 Rxf5 19. Ng5 e5 20. Qh4 Bf6 21.
Qg3 exf4 22. Qf3 Rc8 23. Ne4 Rxc2 24. Nxf6 Rxf6 25. Rf2 Rc5 26. Qe4 Qf5 27.
Qxd4 Qe5 28. Qb4 Rd5 29. Re1 Qd4 30. Qa5 Re5 31. Rxe5 Qxe5 32. Qxa7 Re6 33.
Qa8+ Re8 34. Qf3 Qd4 35. h3 g5 36. Kh2 Re3 37. Qa8+ Kg7 38. Qb7+ Kh6 39. Qf7
Qxd3 40. Qf6+ Kh5 41. h4 Kxh4 42. Rxf4+ Kh5 43. g4+ Kh4 44. Qh6# 1-0

[Event "CYCC U14"]
[Site "Calgary CAN"]
[Date "2023.07.19"]
[Round "1.79"]
[White "Yang, Larry"]
[Black "Zhan, Austin"]
[Result "1-0"]
[WhiteElo "1899"]
[BlackElo "1063"]
[PlyCount "51"]
[EventDate "2023.07.19"]
[EventType "swiss"]
[EventRounds "7"]
[EventCountry "CAN"]

1. e4 c5 2. Nc3 Nc6 3. g3 d6 4. Bg2 Nf6 5. d3 e6 6. Nge2 Be7 7. O-O a6 8. f4
O-O 9. h3 h6 10. g4 Nh7 11. Ng3 Nd4 12. Nce2 Nxe2+ 13. Qxe2 e5 14. Nf5 Bxf5 15.
exf5 Qc7 16. g5 hxg5 17. fxg5 Bxg5 18. Bxg5 Nxg5 19. f6 g6 20. Qe3 Ne6 21. Bd5
Kh7 22. Qg3 Rh8 23. Bxe6 fxe6 24. Qh4+ Kg8 25. f7+ Qxf7 26. Qxh8+ 1-0

[Event "CYCC U14"]
[Site "Calgary CAN"]
[Date "2023.07.19"]
[Round "1.80"]
[White "Leveille, Zachary"]
[Black "Darvekar, Yash"]
[Result "0-1"]
[WhiteElo "1061"]
[BlackElo "1886"]
[PlyCount "84"]
[EventDate "2023.07.19"]
[EventType "swiss"]
[EventRounds "7"]
[EventCountry "CAN"]

1. c4 c6 2. Nc3 d5 3. cxd5 cxd5 4. d4 Nf6 5. Bf4 Nc6 6. e3 Bf5 7. a3 e6 8. Bb5
a6 9. Ba4 b5 10. Bc2 Bg6 11. Nf3 Bd6 12. Bg3 O-O 13. O-O Rc8 14. Bxg6 hxg6 15.
Bh4 Qc7 16. h3 Na5 17. Rc1 Qb8 18. Qe2 Nc4 19. Rc2 Nxb2 20. Bxf6 gxf6 21. Nxd5
exd5 22. Rxc8 Rxc8 23. Qxb2 Qc7 24. Qb3 Qc4 25. Qb2 Qc2 26. Qa1 Rc3 27. Ne1 Qb3
28. Nf3 Qxa3 29. Qxa3 Bxa3 30. Ra1 a5 31. Kf1 a4 32. Ke2 Bb2 33. Ra2 a3 34. Nd2
b4 35. Nb1 Rc1 36. Nd2 Rc2 37. Kd3 Rxd2+ 38. Kxd2 b3 39. Rxb2 axb2 40. Kc3 b1=Q
41. Kb4 b2 42. Kc5 Qa2 0-1

[Event "CYCC U14"]
[Site "Calgary CAN"]
[Date "2023.07.19"]
[Round "1.81"]
[White "Sundara Rajan, Inbhavenkat"]
[Black "Charette, Maxim"]
[Result "1-0"]
[WhiteElo "1758"]
[BlackElo "1050"]
[PlyCount "47"]
[EventDate "2023.07.19"]
[EventType "swiss"]
[EventRounds "7"]
[EventCountry "CAN"]

1. e4 d5 2. exd5 Qxd5 3. Nf3 Bg4 4. Be2 Qe6 5. O-O Bxf3 6. Bxf3 Qe5 7. Bxb7 e6
8. d4 Qd6 9. Bxa8 e5 10. Re1 Be7 11. dxe5 Qxd1 12. Rxd1 Nh6 13. Bxh6 gxh6 14.
Nc3 f6 15. exf6 Bxf6 16. Rd3 Na6 17. Re1+ Kf8 18. Rd7 Bxc3 19. bxc3 Nc5 20.
Rxc7 Na6 21. Rxa7 Nc5 22. Rd1 Ne6 23. Bd5 Ng7 24. Bc4 1-0

[Event "CYCC U14"]
[Site "Calgary CAN"]
[Date "2023.07.19"]
[Round "1.82"]
[White "Chow, Micah"]
[Black "Ming, Jerry"]
[Result "0-1"]
[WhiteElo "1016"]
[BlackElo "1756"]
[PlyCount "114"]
[EventDate "2023.07.19"]
[EventType "swiss"]
[EventRounds "7"]
[EventCountry "CAN"]

1. e4 c5 2. g3 e6 3. Bg2 Nc6 4. f4 d5 5. exd5 exd5 6. c3 Nf6 7. d4 cxd4 8. cxd4
Be7 9. Nf3 Bf5 10. O-O Ne4 11. a3 O-O 12. Ne5 Nxd4 13. Be3 Nc6 14. Nxc6 bxc6
15. g4 Bc8 16. Qc2 Bxg4 17. Bxe4 dxe4 18. Qxe4 Bh3 19. Re1 Qd5 20. Qc2 Bh4 21.
Re2 Qf5 22. Qxf5 Bxf5 23. Nc3 Rfe8 24. Bf2 Rxe2 25. Nxe2 Bf6 26. Rc1 Bxb2 27.
Rxc6 Bd3 28. Ng3 Bb5 29. Rc5 a6 30. Rg5 h6 31. Rg4 Bc6 32. f5 Bxa3 33. Nh5 Bb2
34. Nxg7 Bf3 35. Rg3 Be5 36. Rxf3 Kxg7 37. Bh4 a5 38. f6+ Kg6 39. Rb3 a4 40.
Ra3 Kh5 41. Bf2 Bxf6 42. Bc5 Bb2 43. Rg3 a3 44. Kf2 a2 45. Kf3 a1=Q 46. Kf4
Be5+ 47. Kf5 Bxg3 48. hxg3 Qf1+ 49. Bf2 Qxf2+ 50. Ke4 Re8+ 51. Kd3 Qf3+ 52. Kd4
Re4+ 53. Kd5 Qf5+ 54. Kd6 Re6+ 55. Kd7 Qd5+ 56. Kc7 Qc6+ 57. Kd8 Re8# 0-1

[Event "CYCC U14"]
[Site "Calgary CAN"]
[Date "2023.07.19"]
[Round "1.83"]
[White "Zou, Alex"]
[Black "Lomov, Peter"]
[Result "1-0"]
[WhiteElo "1742"]
[BlackElo "1007"]
[PlyCount "51"]
[EventDate "2023.07.19"]
[EventType "swiss"]
[EventRounds "7"]
[EventCountry "CAN"]

1. c4 e5 2. Nc3 Nc6 3. Nf3 d6 4. e3 Bf5 5. d4 exd4 6. exd4 Nb4 7. Qa4+ Nc6 8.
d5 Bd7 9. dxc6 Bxc6 10. Qd1 Nf6 11. Nd5 Bxd5 12. cxd5 Be7 13. Bb5+ Nd7 14. Qa4
a6 15. Bxd7+ Qxd7 16. Qxd7+ Kxd7 17. O-O h6 18. Bd2 g5 19. Rfe1 f5 20. Re6 Raf8
21. Bc3 Rh7 22. Rae1 b6 23. Nd4 Rf6 24. Nc6 Rxe6 25. Rxe6 h5 26. f3 1-0

[Event "CYCC U14"]
[Site "Calgary CAN"]
[Date "2023.07.19"]
[Round "1.84"]
[White "Wang, Enzo"]
[Black "Tseng, Bradley"]
[Result "0-1"]
[WhiteElo "998"]
[BlackElo "1734"]
[PlyCount "81"]
[EventDate "2023.07.19"]
[EventType "swiss"]
[EventRounds "7"]
[EventCountry "CAN"]

1. e4 c5 2. Nf3 Nc6 3. Bb5 e5 4. O-O Nge7 5. Nc3 g6 6. a3 Bg7 7. d3 O-O 8. Be3
d6 9. h3 Nd4 10. Bc4 Be6 11. Bxe6 fxe6 12. Nh2 d5 13. Ne2 Qb6 14. Rb1 dxe4 15.
dxe4 Rad8 16. Nxd4 exd4 17. Bg5 Rd7 18. Qc1 Nc6 19. Bh6 Ne5 20. Bxg7 Kxg7 21.
Qg5 Nf7 22. Qg3 Qd6 23. Qxd6 Nxd6 24. Rfe1 Rf4 25. f3 Nc4 26. Nf1 Rd6 27. Ra1
Nxb2 28. Reb1 Rb6 29. Ra2 Nc4 30. Rxb6 axb6 31. Kf2 Rf8 32. Ra1 Ra8 33. Ke2
Rxa3 34. Rxa3 Nxa3 35. Kd2 c4 36. Kc1 b5 37. Kb2 b4 38. Ng3 Kf6 39. Ne2 d3 40.
cxd3 cxd3 41. Nd4 0-1

[Event "CYCC U14"]
[Site "Calgary CAN"]
[Date "2023.07.19"]
[Round "1.85"]
[White "Russell, Wesley"]
[Black "Liu, Junxi"]
[Result "1-0"]
[WhiteElo "1723"]
[BlackElo "970"]
[PlyCount "63"]
[EventDate "2023.07.19"]
[EventType "swiss"]
[EventRounds "7"]
[EventCountry "CAN"]

1. e4 g6 2. d4 Bg7 3. Nf3 d6 4. Bc4 Nf6 5. Nc3 O-O 6. O-O Nxe4 7. Nxe4 d5 8.
Bd3 dxe4 9. Bxe4 Nd7 10. c3 e5 11. dxe5 Nxe5 12. Qb3 c6 13. Bf4 Nxf3+ 14. Bxf3
Qf6 15. Bg3 b6 16. Rad1 Be6 17. Qa4 b5 18. Qa6 Bd5 19. Bxd5 cxd5 20. Qxb5 Rad8
21. Rxd5 Rxd5 22. Qxd5 Re8 23. Qd7 Qe6 24. Qxe6 Rxe6 25. Rd1 Re2 26. Kf1 Rxb2
27. Rd8+ Bf8 28. Bd6 Rb1+ 29. Ke2 Rb2+ 30. Ke3 Rb6 31. Bxf8 Re6+ 32. Kd3 1-0

[Event "CYCC U14"]
[Site "Calgary CAN"]
[Date "2023.07.19"]
[Round "1.86"]
[White "Yan, Henry"]
[Black "Alpuri, Aaqil"]
[Result "0-1"]
[WhiteElo "970"]
[BlackElo "1704"]
[PlyCount "66"]
[EventDate "2023.07.19"]
[EventType "swiss"]
[EventRounds "7"]
[EventCountry "CAN"]

1. e4 c5 2. Bc4 e6 3. Nc3 a6 4. Bb3 Nc6 5. Nf3 Nf6 6. d3 Be7 7. Bf4 d6 8. Qe2
b5 9. a3 Qb6 10. h3 Bb7 11. O-O O-O 12. e5 dxe5 13. Bxe5 Nxe5 14. Nxe5 Rad8 15.
Rad1 Nd5 16. Rfe1 Nxc3 17. bxc3 Bd5 18. c4 bxc4 19. dxc4 Bc6 20. Rxd8 Bxd8 21.
Rd1 Bf6 22. Ng4 Bd4 23. Ne5 h6 24. Qd2 Bxe5 25. a4 Bf6 26. a5 Qb7 27. f3 Rd8
28. Qe1 Bd4+ 29. Kh1 Bxf3 30. gxf3 Qxf3+ 31. Kh2 Qxd1 32. Qxd1 Be5+ 33. Kg2
Rxd1 0-1

[Event "CYCC U14"]
[Site "Calgary CAN"]
[Date "2023.07.19"]
[Round "1.87"]
[White "Xu, Joey"]
[Black "Suo, Luke"]
[Result "1-0"]
[WhiteElo "1687"]
[BlackElo "933"]
[PlyCount "91"]
[EventDate "2023.07.19"]
[EventType "swiss"]
[EventRounds "7"]
[EventCountry "CAN"]

1. e4 g6 2. d4 Bg7 3. c4 d6 4. Nc3 Nf6 5. Be2 O-O 6. Bg5 Nc6 7. Qd2 e5 8. d5
Ne7 9. O-O-O a6 10. Bh6 Bd7 11. h4 Ng4 12. Bxg4 Bxg4 13. f3 Bd7 14. g4 b5 15.
h5 f5 16. hxg6 f4 17. gxh7+ Kxh7 18. Bxf4+ Kg6 19. Bh6 Rg8 20. Bxg7 Rxg7 21.
Rh6+ Kf7 22. f4 Bxg4 23. Rf1 Kg8 24. Qh2 Ng6 25. f5 Qg5+ 26. Kb1 Rf8 27. Nce2
Qd2 28. Nc1 Qxh2 29. Rxh2 bxc4 30. Nge2 Ne7 31. f6 Ng6 32. Rg1 Rxf6 33. Rxg4
Rf1 34. Rhg2 Kf7 35. Ng3 Nf4 36. Rxg7+ Kxg7 37. Nxf1+ Nxg2 38. Nd2 Ne3 39. b4
Kg6 40. Kb2 Kg5 41. Kc3 Kf4 42. Ne2+ Kg4 43. a4 Kh3 44. Nxc4 Nd1+ 45. Kc2 Nf2
46. Nb2 1-0

[Event "CYCC U14"]
[Site "Calgary CAN"]
[Date "2023.07.19"]
[Round "1.88"]
[White "Fang, Pengsen"]
[Black "Tran, Tri"]
[Result "0-1"]
[WhiteElo "930"]
[BlackElo "1675"]
[PlyCount "108"]
[EventDate "2023.07.19"]
[EventType "swiss"]
[EventRounds "7"]
[EventCountry "CAN"]

1. e4 c5 2. b3 d6 3. Bb2 Nc6 4. Bb5 Bd7 5. f4 e6 6. Nf3 a6 7. Bxc6 Bxc6 8. d3
Nf6 9. O-O Be7 10. c4 d5 11. exd5 exd5 12. Ne5 Rc8 13. Nc3 d4 14. Ne2 Bd6 15.
Ng3 Bd7 16. Nxd7 Qxd7 17. Re1+ Be7 18. Qe2 Rc7 19. Ne4 O-O 20. Nxf6+ Bxf6 21.
Qf3 Re8 22. Re4 Rc6 23. f5 Bg5 24. Bc1 Bxc1 25. Rxc1 Rxe4 26. Qxe4 g6 27. g4
Qd8 28. Re1 Qg5 29. h3 Rf6 30. Kh1 gxf5 31. gxf5 Qxf5 32. Rg1+ Kf8 33. Qh4 Qf3+
34. Rg2 Rg6 35. Qf2 Qxg2+ 36. Qxg2 Rxg2 37. Kxg2 Ke7 38. Kf3 Ke6 39. Kf4 Kf6
40. h4 h6 41. Kg4 Kg6 42. h5+ Kf6 43. Kf4 a5 44. a3 b6 45. a4 Ke6 46. Ke4 f5+
47. Kf4 Kf6 48. Kf3 Kg5 49. Kg3 Kxh5 50. Kf4 Kh4 51. Kxf5 Kg3 52. Kg6 Kf3 53.
Kxh6 Ke3 54. Kg6 Kxd3 0-1

[Event "CYCC U14"]
[Site "Calgary CAN"]
[Date "2023.07.19"]
[Round "1.89"]
[White "Koo, Minjun"]
[Black "Martin, Dominic"]
[Result "1-0"]
[WhiteElo "1661"]
[BlackElo "893"]
[PlyCount "55"]
[EventDate "2023.07.19"]
[EventType "swiss"]
[EventRounds "7"]
[EventCountry "CAN"]

1. d4 d5 2. Nc3 Nf6 3. Bf4 Bf5 4. e3 c5 5. Nf3 Nc6 6. Ne5 Qb6 7. Na4 Qa5+ 8. c3
e6 9. Qb3 Nxe5 10. Qxb7 Rd8 11. Bxe5 Qxa4 12. Bb5+ Qxb5 13. Qxb5+ Nd7 14. f3
cxd4 15. Bc7 Rc8 16. Qb7 Nb6 17. Bxb6 e5 18. g4 Bd7 19. Bxa7 dxc3 20. bxc3 e4
21. Qxd5 exf3 22. Qxf3 Rxc3 23. Bd4 Bc6 24. Qf5 Rxe3+ 25. Bxe3 Bxh1 26. Qc8+
Ke7 27. Bc5+ Kf6 28. Qf5# 1-0

[Event "CYCC U14"]
[Site "Calgary CAN"]
[Date "2023.07.19"]
[Round "1.90"]
[White "Chen, Lucas"]
[Black "Hossain, Azher"]
[Result "0-1"]
[WhiteElo "804"]
[BlackElo "1656"]
[PlyCount "92"]
[EventDate "2023.07.19"]
[EventType "swiss"]
[EventRounds "7"]
[EventCountry "CAN"]

1. e4 c6 2. d4 d5 3. e5 Bf5 4. h4 h5 5. Bg5 Qb6 6. Bd3 Bxd3 7. Qxd3 Qa6 8. Qxa6
Nxa6 9. Nc3 f6 10. Bf4 Nh6 11. f3 Nf5 12. Nge2 O-O-O 13. O-O-O Nc7 14. g3 Ne6
15. Rh3 g6 16. Rdh1 Nfxd4 17. Nxd4 Nxd4 18. g4 Bg7 19. Re1 Kd7 20. Bh2 Rdf8 21.
exf6 Bxf6 22. g5 Bg7 23. f4 Re8 24. Bg1 Rhf8 25. Be3 b6 26. Rd1 Nf5 27. Bf2 e5
28. Rhd3 exf4 29. Rf3 Ne3 30. Rd3 Ng4 31. Bd4 Be5 32. Kd2 Kc8 33. a3 c5 34.
Bxe5 Nxe5 35. Nxd5 Nxf3+ 36. Rxf3 Re4 37. Nf6 Rd8+ 38. Kc3 Re3+ 39. Rxe3 fxe3
40. Ne4 e2 41. Nd2 e1=Q 42. b4 Rxd2 43. Kb3 Qb1+ 44. Kc4 Qxc2+ 45. Kb5 Kb7 46.
a4 a6# 0-1

[Event "CYCC U14"]
[Site "Calgary CAN"]
[Date "2023.07.19"]
[Round "1.91"]
[White "Leung, Joseph"]
[Black "Wangluo, May"]
[Result "1-0"]
[WhiteElo "1624"]
[BlackElo "799"]
[PlyCount "92"]
[EventDate "2023.07.19"]
[EventType "swiss"]
[EventRounds "7"]
[EventCountry "CAN"]

1. e4 c5 2. Nf3 e6 3. d4 cxd4 4. Nxd4 a6 5. Bd3 Qc7 6. O-O Nf6 7. Qe2 Bc5 8.
Nb3 Be7 9. c4 Nc6 10. Nc3 O-O 11. f4 d6 12. Be3 Nb4 13. Bb1 Bd7 14. a3 Nc6 15.
Nd4 Nxd4 16. Bxd4 e5 17. Be3 Rab8 18. Nd5 Nxd5 19. cxd5 f5 20. fxe5 fxe4 21.
Bxe4 dxe5 22. Rac1 Qd6 23. Rfd1 Bb5 24. Qh5 h6 25. Bf5 Be8 26. Qg4 Rf6 27. b4
b6 28. Be6+ Bf7 29. Bxf7+ Kxf7 30. Rc6 Qd8 31. Rxf6+ Bxf6 32. Qe6+ Kf8 33. d6
Qe8 34. Qf5 Qb5 35. Bxh6 Kf7 36. Bg5 Qe2 37. Rf1 Qh5 38. Qxe5 Kg6 39. Bxf6 Qxe5
40. Bxe5 Rd8 41. Rf3 Rd7 42. Kf2 b5 43. Rg3+ Kf5 44. Rxg7 Rxg7 45. Bxg7 Ke6 46.
Bf8 Kd5 1-0

[Event "CYCC U14"]
[Site "Calgary CAN"]
[Date "2023.07.19"]
[Round "1.92"]
[White "Zhuang, Charlie"]
[Black "Ossine, Nicholas"]
[Result "0-1"]
[WhiteElo "740"]
[BlackElo "1593"]
[PlyCount "102"]
[EventDate "2023.07.19"]
[EventType "swiss"]
[EventRounds "7"]
[EventCountry "CAN"]

1. e4 c6 2. d4 d5 3. e5 c5 4. dxc5 e6 5. Nf3 Bxc5 6. c3 Nc6 7. Bd3 Nge7 8. O-O
Ng6 9. Qc2 Ncxe5 10. Nxe5 Nxe5 11. Be3 Bxe3 12. fxe3 Nxd3 13. Qxd3 O-O 14. Nd2
b6 15. e4 dxe4 16. Qxe4 Ba6 17. Rfd1 Qg5 18. c4 Rad8 19. Nb3 g6 20. c5 bxc5 21.
Qa4 Bb7 22. g3 Qe3+ 23. Kf1 Rxd1+ 24. Rxd1 Bf3 25. Rd2 Bd5 26. Qf4 Qxf4+ 27.
gxf4 Bxb3 28. axb3 Rb8 29. Rc2 Rxb3 30. Rxc5 Rxb2 31. Ra5 Rxh2 32. Rxa7 Kg7 33.
Ra4 Kf6 34. Ra3 Kf5 35. Rf3 Rh4 36. Kg2 Rg4+ 37. Kh2 Rxf4 38. Rh3 g5 39. Rxh7
Rh4+ 40. Rxh4 gxh4 41. Kh3 e5 42. Kxh4 Kf4 43. Kh3 Kf3 44. Kh2 Kf2 45. Kh3 e4
46. Kh2 e3 47. Kh1 e2 48. Kh2 e1=Q 49. Kh3 Kf3 50. Kh2 Qg3+ 51. Kh1 Qg2# 0-1

[Event "CYCC U14"]
[Site "Calgary CAN"]
[Date "2023.07.19"]
[Round "1.93"]
[White "Murali, Dhruv"]
[Black "Hsu, Ryder"]
[Result "1-0"]
[WhiteElo "1560"]
[BlackElo "713"]
[PlyCount "91"]
[EventDate "2023.07.19"]
[EventType "swiss"]
[EventRounds "7"]
[EventCountry "CAN"]

1. b3 d5 2. Bb2 Nf6 3. e3 Bf5 4. Nf3 e6 5. d4 c5 6. c4 Nc6 7. a3 Bd6 8. Bd3 Bg4
9. Nbd2 Qc7 10. Qc2 O-O 11. dxc5 Bxc5 12. cxd5 Ne7 13. Rc1 Nd7 14. b4 Rac8 15.
bxc5 Nxc5 16. Nb3 Nxb3 17. Qxc7 Nxc1 18. Qxe7 Nxd3+ 19. Kd2 Nxb2 20. Ne5 Bf5
21. Rc1 exd5 22. Rxc8 Bxc8 23. Qb4 Nc4+ 24. Nxc4 dxc4 25. Qxc4 Rd8+ 26. Ke2
Bg4+ 27. f3 Bf5 28. e4 Be6 29. Qc7 Rc8 30. Qxb7 a6 31. Kd2 Rd8+ 32. Ke3 Bc4 33.
Qc7 Rd3+ 34. Kf2 g6 35. Qxc4 Rxa3 36. Qb4 Ra2+ 37. Kg3 a5 38. Qb3 Ra1 39. Qb8+
Kg7 40. Qe5+ f6 41. Qxa1 Kh6 42. Qxf6 Kh5 43. Kf4 Kh6 44. Kg4 a4 45. Kh4 a3 46.
g4 1-0

[Event "CYCC U14"]
[Site "Calgary CAN"]
[Date "2023.07.19"]
[Round "1.94"]
[White "Yen, Rafael"]
[Black "Li, Anthony"]
[Result "0-1"]
[WhiteElo "701"]
[BlackElo "1490"]
[PlyCount "68"]
[EventDate "2023.07.19"]
[EventType "swiss"]
[EventRounds "7"]
[EventCountry "CAN"]

1. e4 c5 2. d3 d6 3. c3 Nf6 4. g3 g6 5. Bg2 Bg7 6. Nf3 Nc6 7. O-O Bd7 8. Re1
O-O 9. d4 cxd4 10. cxd4 e5 11. Nc3 a6 12. Be3 Ng4 13. Bg5 f6 14. Bc1 f5 15. h3
exd4 16. Na4 Nf6 17. b4 b5 18. e5 Ne4 19. Nb2 dxe5 20. Nd3 Kh8 21. g4 Nc3 22.
Qb3 e4 23. Nc5 exf3 24. Bxf3 fxg4 25. Nxd7 Qxd7 26. Bxg4 Qf7 27. Qxf7 Rxf7 28.
Bd2 Nxb4 29. Be6 Re7 30. a3 Nc2 31. Bd5 Rxe1+ 32. Rxe1 Nxe1 33. Bxa8 Nc2 34.
Bc1 Ne2+ 0-1

[Event "CYCC U14"]
[Site "Calgary CAN"]
[Date "2023.07.19"]
[Round "1.95"]
[White "Pollitt, Henry"]
[Black "Zhu, Leon"]
[Result "1-0"]
[WhiteElo "1467"]
[BlackElo "653"]
[PlyCount "109"]
[EventDate "2023.07.19"]
[EventType "swiss"]
[EventRounds "7"]
[EventCountry "CAN"]

1. e4 c5 2. c3 Nc6 3. d4 cxd4 4. cxd4 e6 5. Nc3 d5 6. Nf3 Bb4 7. Bd3 Nge7 8.
O-O f6 9. Bf4 Ng6 10. exd5 exd5 11. Bxg6+ hxg6 12. Re1+ Ne7 13. Qa4+ Bd7 14.
Qxb4 Kf7 15. Qd6 Rh5 16. Re2 Bg4 17. Qxd8 Rxd8 18. Rd2 Nf5 19. Ne1 g5 20. f3
Bxf3 21. Nxf3 gxf4 22. Ne2 g5 23. Rc1 Rd7 24. g4 Rh3 25. gxf5 Rxf3 26. Rc3 Rxc3
27. Nxc3 Kg7 28. Re2 Kh6 29. Re6 Kg7 30. Kf2 Kf7 31. Kf3 Rd8 32. h4 Rg8 33.
hxg5 fxg5 34. Rg6 Rxg6 35. fxg6+ Kxg6 36. Nxd5 Kf5 37. Nc3 g4+ 38. Kf2 g3+ 39.
Kf3 b6 40. Ne2 a6 41. Nxf4 b5 42. Kxg3 Ke4 43. d5 Ke5 44. Kf3 a5 45. Ke3 Kd6
46. Kd4 b4 47. b3 Kc7 48. Kc5 Kb7 49. d6 Kc8 50. Kc6 Kd8 51. Ne6+ Kc8 52. d7+
Kb8 53. d8=Q+ Ka7 54. Qc7+ Ka6 55. Nc5# 1-0

[Event "CYCC U14"]
[Site "Calgary CAN"]
[Date "2023.07.19"]
[Round "1.96"]
[White "Singh, Harshpreet"]
[Black "Huang, Winston"]
[Result "0-1"]
[WhiteElo "649"]
[BlackElo "1460"]
[PlyCount "104"]
[EventDate "2023.07.19"]
[EventType "swiss"]
[EventRounds "7"]
[EventCountry "CAN"]

1. c4 e5 2. g3 Nf6 3. Bg2 Bc5 4. e3 O-O 5. Ne2 d5 6. cxd5 Nxd5 7. O-O Nc6 8. d4
exd4 9. exd4 Bb6 10. Be3 Re8 11. Bxd5 Qxd5 12. Nbc3 Qf3 13. Nf4 Qxd1 14. Raxd1
Bf5 15. Rfe1 Nxd4 16. Bxd4 Rxe1+ 17. Rxe1 Bxd4 18. Re7 Bxc3 19. bxc3 Rd8 20.
Kf1 Kf8 21. Rxc7 Be4 22. Ke2 Bc6 23. c4 Rd4 24. Nd5 Bxd5 25. cxd5 Rxd5 26. Rxb7
Ra5 27. Rb2 Ra3 28. Kd2 Ke7 29. h4 Ke6 30. Ke2 h6 31. f3 g5 32. hxg5 hxg5 33.
Kf2 f5 34. Rd2 Ke5 35. Re2+ Kd4 36. f4 g4 37. Kg2 a5 38. Kf2 a4 39. Rd2+ Rd3
40. Ke2 Rxd2+ 41. Kxd2 a3 42. Ke2 Ke4 43. Kf2 Kd3 44. Ke1 Ke3 45. Kf1 Kf3 46.
Kg1 Kxg3 47. Kh1 Kf2 48. Kh2 g3+ 49. Kh3 g2 50. Kh4 g1=Q 51. Kh5 Qg7 52. Kh4
Qg4# 0-1

[Event "CYCC U14"]
[Site "Calgary CAN"]
[Date "2023.07.19"]
[Round "1.97"]
[White "Luan, Jacky"]
[Black "Odrcich, Eric"]
[Result "1-0"]
[WhiteElo "1447"]
[BlackElo "640"]
[PlyCount "93"]
[EventDate "2023.07.19"]
[EventType "swiss"]
[EventRounds "7"]
[EventCountry "CAN"]

1. e4 g6 2. d4 Bg7 3. Nf3 e6 4. e5 Ne7 5. Be3 O-O 6. Qd2 d5 7. Bh6 b6 8. Bxg7
Kxg7 9. Be2 c5 10. c3 c4 11. g4 a5 12. h4 h6 13. h5 g5 14. Nxg5 hxg5 15. Qxg5+
Ng6 16. Qxd8 Rxd8 17. hxg6 fxg6 18. Nd2 b5 19. f4 Nc6 20. Nf3 Rf8 21. Ng5 Rh8
22. Kf2 Bd7 23. b3 a4 24. bxc4 dxc4 25. Bf3 Rac8 26. Rxh8 Rxh8 27. Nxe6+ Bxe6
28. Bxc6 b4 29. cxb4 Rc8 30. Bxa4 c3 31. Bc2 Rc4 32. Bb3 Rc6 33. d5 Bxd5 34.
Bxd5 Rc7 35. Rc1 Rd7 36. Bb3 Rc7 37. Ke3 Kh6 38. Kd3 Rd7+ 39. Kxc3 g5 40. Rh1+
Kg6 41. f5+ Kg7 42. f6+ Kg6 43. Bc2+ Kf7 44. Rh7+ Ke8 45. Ba4 Kd8 46. Rxd7+ Kc8
47. f7 1-0

[Event "CYCC U14"]
[Site "Calgary CAN"]
[Date "2023.07.19"]
[Round "2.66"]
[White "Soberov, Emil"]
[Black "Koo, Minjun"]
[Result "1-0"]
[WhiteElo "2280"]
[BlackElo "1661"]
[PlyCount "91"]
[EventDate "2023.07.19"]
[EventType "swiss"]
[EventRounds "7"]
[EventCountry "CAN"]

1. e4 c5 2. Nc3 Nc6 3. Bb5 Nd4 4. Nf3 a6 5. Bc4 g6 6. Nxd4 cxd4 7. Ne2 Bg7 8.
d3 e6 9. O-O Ne7 10. Bg5 h6 11. Bh4 g5 12. Bg3 d5 13. Bb3 dxe4 14. dxe4 e5 15.
c3 d3 16. Nc1 d2 17. Ne2 O-O 18. Qc2 Qd7 19. f3 Rd8 20. Bf2 Qd3 21. Qxd3 Rxd3
22. Bc2 Rd7 23. Rfd1 b5 24. Be3 Bb7 25. Rxd2 Rxd2 26. Bxd2 Rd8 27. Be3 Ng6 28.
Nc1 Nf4 29. g3 Ne6 30. Kf2 Bf8 31. b4 Rc8 32. Bb3 Rxc3 33. Bd2 Rc7 34. Bxe6
fxe6 35. Nd3 Rc2 36. Ke3 Bd6 37. a3 Kg7 38. Rc1 Ra2 39. Rc3 Kf6 40. Nc1 Rb2 41.
Nb3 Ba8 42. Na5 Ra2 43. Rc8 Bd5 44. exd5 exd5 45. Nb7 Ke6 46. Rc6 1-0

[Event "CYCC U14"]
[Site "Calgary CAN"]
[Date "2023.07.19"]
[Round "2.67"]
[White "Hossain, Azher"]
[Black "Yang, Ryan"]
[Result "1-0"]
[WhiteElo "1656"]
[BlackElo "2217"]
[PlyCount "99"]
[EventDate "2023.07.19"]
[EventType "swiss"]
[EventRounds "7"]
[EventCountry "CAN"]

1. d4 Nf6 2. c4 g6 3. Nf3 Bg7 4. g3 d6 5. Bg2 O-O 6. O-O c6 7. Nc3 Qc7 8. e4 e5
9. h3 Na6 10. Be3 Re8 11. Re1 Bd7 12. c5 exd4 13. cxd6 Qc8 14. Bxd4 Bxh3 15.
Ng5 Be6 16. e5 Nd7 17. f4 Nf8 18. Rc1 Qd7 19. b3 Bg4 20. Qd2 h6 21. Nge4 Ne6
22. Be3 Qd8 23. Nf2 h5 24. Nxg4 hxg4 25. Ne4 Qd7 26. Qd1 Nb4 27. a3 Nd5 28. Bf2
f6 29. exf6 Nxf6 30. Nxf6+ Bxf6 31. Qxg4 Qxd6 32. Rcd1 Nd4 33. Qxg6+ Kf8 34.
Rxe8+ Rxe8 35. Rxd4 Re1+ 36. Kh2 Qxd4 37. Bxd4 Bxd4 38. Qf5+ Ke7 39. Qh7+ Kd6
40. Qxb7 Rc1 41. Qb8+ Kd7 42. Kh3 Bb6 43. Qg8 Rc5 44. Kg4 Ke7 45. Qg7+ Ke6 46.
Be4 Ra5 47. f5+ Kd6 48. Qf6+ Kc5 49. b4+ Kc4 50. bxa5 1-0